[Event "Lichtenrader Herbst 2006"]
[Site "Berlin"]
[Date "2006.09.30"]
[Round "1.1"]
[White "Figura, Atila Gajo"]
[Black "Vidic, Dobrivoje"]
[Result "1-0"]
[WhiteElo "2352"]
[BlackElo "1742"]
[PlyCount "67"]
[EventDate "2006.??.??"]

1. d4 d5 2. Bg5 h6 3. Bh4 g5 4. Bg3 Nf6 5. e3 Nbd7 6. Nd2 e6 7. Bd3 c5 8. c3 c4
9. Bc2 b5 10. h4 Bg7 11. e4 Bb7 12. e5 Ng8 13. hxg5 hxg5 14. Rxh8 Bxh8 15. Qh5
Bg7 16. Ngf3 Bh6 17. Bh7 g4 18. Bxg8 Bxd2+ 19. Nxd2 Qe7 20. Bh4 Qf8 21. Qxg4
Qh6 22. Qg5 Qxg5 23. Bxg5 Nf8 24. Ke2 a5 25. Bf6 b4 26. Nf3 Bc6 27. Ng5 Ra7 28.
Rh1 bxc3 29. bxc3 Rb7 30. Ke3 Ba4 31. Rh8 Bc2 32. Bh7 Bg6 33. Bxg6 fxg6 34.
Nxe6 1-0

[Event "Lichtenrader Herbst 2006"]
[Site "Berlin"]
[Date "2006.09.30"]
[Round "1.2"]
[White "Exner, Roland"]
[Black "Postler, Reinhard"]
[Result "1-0"]
[WhiteElo "1738"]
[BlackElo "2331"]
[PlyCount "51"]
[EventDate "2006.??.??"]

1. d4 Nf6 2. Nf3 d5 3. c4 c6 4. Nc3 e6 5. e3 Nbd7 6. Bd3 dxc4 7. Bxc4 b5 8. Bd3
Bb7 9. O-O a6 10. e4 c5 11. d5 c4 12. Bc2 Qc7 13. dxe6 fxe6 14. e5 Nxe5 15.
Nxe5 Qxe5 16. Re1 Qd6 17. Qe2 O-O-O 18. a4 Qc6 19. f3 b4 20. Ne4 Nxe4 21. Bxe4
Qc7 22. Bg5 Bxe4 23. Qxe4 Qc5+ 24. Kh1 Rd6 25. Qa8+ Kc7 26. Bf4 1-0

[Event "Lichtenrader Herbst 2006"]
[Site "Berlin"]
[Date "2006.09.30"]
[Round "1.3"]
[White "Fette, Martin"]
[Black "Lenz, Tobias"]
[Result "1-0"]
[WhiteElo "2315"]
[BlackElo "1730"]
[PlyCount "69"]
[EventDate "2006.??.??"]

1. e4 c6 2. d4 d5 3. exd5 cxd5 4. Bd3 Nf6 5. c3 Nc6 6. Bf4 g6 7. Nf3 Bg7 8. O-O
O-O 9. Nbd2 Nh5 10. Be3 Bg4 11. h3 Bxf3 12. Nxf3 Rc8 13. Re1 Re8 14. g4 Nf6 15.
Bf4 e6 16. Qd2 Re7 17. Bg5 Qf8 18. Qf4 Ne8 19. Bxe7 Qxe7 20. Kg2 Nd6 21. Re2
Rc7 22. Rae1 Qf8 23. h4 h6 24. Qg3 Ne8 25. Ne5 Nxe5 26. dxe5 Re7 27. f4 Nc7 28.
f5 exf5 29. gxf5 gxf5 30. Bxf5 Ne6 31. Kh1 b6 32. Rg2 Kh8 33. Reg1 Qb8 34.
Qxg7+ Nxg7 35. Rxg7 1-0

[Event "Lichtenrader Herbst 2006"]
[Site "Berlin"]
[Date "2006.09.30"]
[Round "1.4"]
[White "Arndt, Uwe"]
[Black "Giemsa, Stephan"]
[Result "0-1"]
[WhiteElo "1728"]
[BlackElo "2296"]
[PlyCount "58"]
[EventDate "2006.??.??"]

1. d4 Nf6 2. c4 g6 3. Nc3 d5 4. cxd5 Nxd5 5. e4 Nxc3 6. bxc3 Bg7 7. Nf3 c5 8.
Rb1 O-O 9. Be2 b6 10. O-O Bb7 11. e5 cxd4 12. cxd4 Bd5 13. a4 Nc6 14. Be3 Na5
15. Nd2 Qd7 16. Bf3 Bxf3 17. Nxf3 Rfd8 18. Rb5 Rac8 19. Qa1 Nc4 20. Rc1 Nxe3
21. fxe3 Bh6 22. Qa3 Rxc1+ 23. Qxc1 Rc8 24. Qd2 Qf5 25. e6 Qxe6 26. Re5 Qb3 27.
h4 e6 28. Qf2 f6 29. Re4 Qb1+ 0-1

[Event "Lichtenrader Herbst 2006"]
[Site "Berlin"]
[Date "2006.09.30"]
[Round "1.5"]
[White "Teschke, Olaf"]
[Black "Kiesewetter, Peter"]
[Result "1-0"]
[WhiteElo "2254"]
[BlackElo "1727"]
[PlyCount "96"]
[EventDate "2006.??.??"]

1. e4 c5 2. Nf3 e6 3. d4 cxd4 4. Nxd4 a6 5. Bd3 Qc7 6. O-O Nf6 7. Qe2 d6 8. c4
Nc6 9. Be3 Be7 10. Nc3 Bd7 11. h3 O-O 12. Rac1 Ne5 13. f4 Nxd3 14. Qxd3 Rac8
15. b3 Rfd8 16. f5 e5 17. Nc2 b5 18. Nb4 bxc4 19. bxc4 Qxc4 20. Qxc4 Rxc4 21.
Ncd5 Rxb4 22. Nxb4 Nxe4 23. Nd5 Bf8 24. g4 h5 25. Bb6 Re8 26. Rc7 Bb5 27. Rfc1
hxg4 28. hxg4 Nf6 29. Nxf6+ gxf6 30. Rc8 Rxc8 31. Rxc8 Kg7 32. Bd8 d5 33. Bxf6+
Kxf6 34. Rxf8 d4 35. Kf2 e4 36. Rd8 e3+ 37. Kf3 e2 38. Kf2 d3 39. Ke3 Ke5 40.
Kd2 Ke4 41. f6 Kf4 42. a4 Bc6 43. Rxd3 Bf3 44. Rd6 Bxg4 45. Rxa6 Ke5 46. Rb6
Kd5 47. Rb8 Kd6 48. a5 Bf3 1-0

[Event "Lichtenrader Herbst 2006"]
[Site "Berlin"]
[Date "2006.09.30"]
[Round "1.6"]
[White "Hartmann, Wolfgang"]
[Black "Kiesekamp, Marcos"]
[Result "0-1"]
[WhiteElo "1719"]
[BlackElo "2251"]
[PlyCount "60"]
[EventDate "2006.??.??"]

1. g3 d5 2. Bg2 e6 3. c4 Be7 4. Nf3 Nf6 5. d4 O-O 6. Nbd2 c5 7. e3 cxd4 8. Nxd4
e5 9. N4f3 Nc6 10. cxd5 Qxd5 11. O-O e4 12. Nd4 Nxd4 13. exd4 Bf5 14. Nb3 a5
15. Be3 a4 16. Nc5 a3 17. b3 b6 18. Na4 Qe6 19. Nc3 Rfd8 20. Rc1 Bb4 21. Nb5
Nd5 22. Nc7 Nxc7 23. Rxc7 Bc5 24. dxc5 Rxd1 25. Rxd1 bxc5 26. Bxc5 Bg4 27. Ra7
Rc8 28. Re1 Rxc5 29. Rxe4 Rc1+ 30. Bf1 Qxe4 0-1

[Event "Lichtenrader Herbst 2006"]
[Site "Berlin"]
[Date "2006.09.30"]
[Round "1.7"]
[White "Albrecht, Rainer"]
[Black "Kropman, Alexei"]
[Result "1-0"]
[WhiteElo "2244"]
[BlackElo "1713"]
[PlyCount "41"]
[EventDate "2006.??.??"]

1. d4 e6 2. c4 d5 3. Nc3 f5 4. Nf3 Nf6 5. Bf4 c6 6. e3 Bd6 7. Bxd6 Qxd6 8. Qc2
Nbd7 9. cxd5 Nxd5 10. a3 N7f6 11. h3 Bd7 12. Ne5 a6 13. Bd3 Nxc3 14. bxc3 c5
15. a4 cxd4 16. cxd4 Rc8 17. Qb3 Qc7 18. O-O Rf8 19. Bxf5 Ke7 20. Rfc1 Qd8 21.
Qa3+ 1-0

[Event "Lichtenrader Herbst 2006"]
[Site "Berlin"]
[Date "2006.09.30"]
[Round "1.8"]
[White "Baumeister, Wolfgang"]
[Black "Tchetchelnitski, Boris"]
[Result "0-1"]
[WhiteElo "1710"]
[BlackElo "2232"]
[PlyCount "112"]
[EventDate "2006.??.??"]

1. e4 e6 2. d4 d5 3. Nc3 Bb4 4. e5 c5 5. a3 Bxc3+ 6. bxc3 Ne7 7. Qg4 Qa5 8. Bd2
Kf8 9. h4 Qa4 10. Ra2 Nbc6 11. Nf3 b6 12. h5 h6 13. Qf4 Ba6 14. dxc5 Qxf4 15.
Bxf4 Bxf1 16. Kxf1 bxc5 17. Rb2 Rb8 18. Rxb8+ Nxb8 19. Ke2 Nc8 20. Rb1 {(=)}
20... Nb6 21. a4 N8d7 22. a5 Nc4 23. Rb7 Ke7 24. Rxa7 Rb8 25. Nd2 Na3 26. Nb3
Nb5 27. Rxd7+ Kxd7 28. Nxc5+ Kc6 29. Nb3 Nxc3+ 30. Kd3 Na4 31. Nd4+ Kd7 32. Nb3
Rc8 33. Bc1 Nc5+ 34. Nxc5+ Rxc5 35. Bd2 Rc4 36. f4 g6 37. hxg6 fxg6 38. g3 h5
39. Be3 Ra4 40. Bd2 Kc6 41. Be1 Ra1 42. Ke2 Kb5 43. Bd2 Kc6 44. Be1 Ra2 45. Kd1
d4 46. Kc1 Kb5 47. Kd1 Ra3 48. Ke2 Kc4 49. Kd1 Kd5 50. Ke2 Ke4 51. Kd1 h4 52.
gxh4 Kxf4 53. Bb4 Ra4 54. c3 Kxe5 55. cxd4+ Kxd4 56. Be1 Kd3 0-1

[Event "Lichtenrader Herbst 2006"]
[Site "Berlin"]
[Date "2006.09.30"]
[Round "1.9"]
[White "Meissner, Hans-Juergen"]
[Black "Zirr, Karl-Heinz"]
[Result "1-0"]
[WhiteElo "2225"]
[BlackElo "1710"]
[PlyCount "79"]
[EventDate "2006.??.??"]

1. d4 Nf6 2. Nf3 e6 3. c4 d5 4. Nc3 Be7 5. Bg5 c6 6. e3 Nbd7 7. Rc1 b6 8. cxd5
cxd5 9. Nb5 Bb4+ 10. Nd2 O-O 11. Nc7 Rb8 12. Bd3 Bb7 13. a3 Rc8 14. axb4 Rxc7
15. Ra1 Qe7 16. b5 Rfc8 17. O-O e5 18. Rxa7 e4 19. Be2 Qb4 20. b3 h6 21. Bf4
Rc1 22. Bd6 Qxd6 23. Qxc1 Rxc1 24. Rxc1 Qb8 25. Ra2 Nf8 26. Nb1 g5 27. Nc3 h5
28. Rac2 g4 29. Na2 h4 30. g3 hxg3 31. hxg3 Ne6 32. Nb4 Ng5 33. Na6 Qd6 34. b4
Nf3+ 35. Kg2 Nh7 36. Rc7 Ne1+ 37. Rxe1 Bxa6 38. Rec1 Bxb5 39. Bxb5 Qxb4 40. Be2
{ZUe} 1-0

[Event "Lichtenrader Herbst 2006"]
[Site "Berlin"]
[Date "2006.09.30"]
[Round "1.10"]
[White "Vollbrecht, Lars"]
[Black "Piepho, Niels"]
[Result "0-1"]
[WhiteElo "1707"]
[BlackElo "2218"]
[PlyCount "62"]
[EventDate "2006.??.??"]

1. e4 d6 2. Bc4 Nf6 3. d3 g6 4. Nc3 Bg7 5. Bd2 c6 6. h3 b5 7. Bb3 Nbd7 8. a3
Bb7 9. Nf3 a6 10. O-O O-O 11. Nh2 c5 12. Ng4 Nxg4 13. Qxg4 Ne5 14. Qe2 Nc6 15.
Rab1 Nd4 16. Qd1 Nxb3 17. cxb3 e6 18. Qc1 Rc8 19. Ne2 d5 20. f3 Re8 21. Be3 d4
22. Bd2 f5 23. Bg5 Qd6 24. Qd2 c4 25. bxc4 bxc4 26. dxc4 fxe4 27. fxe4 Bxe4 28.
Rbc1 d3 29. Be3 Qe5 30. Bd4 Qh5 31. Ng3 Bxd4+ 0-1

[Event "Lichtenrader Herbst 2006"]
[Site "Berlin"]
[Date "2006.09.30"]
[Round "1.11"]
[White "Gebigke, Martin"]
[Black "Uckar, Klaudijo"]
[Result "1-0"]
[WhiteElo "2196"]
[BlackElo "1687"]
[PlyCount "57"]
[EventDate "2006.??.??"]

1. d4 d5 2. c4 c6 3. Nc3 Nf6 4. Nf3 dxc4 5. a4 e6 6. e3 Bb4 7. Bxc4 Nbd7 8. O-O
O-O 9. Qe2 Nd5 10. Bd2 Bd6 11. Rfd1 Qc7 12. Rac1 Nxc3 13. Bxc3 Nb6 14. Ba5 Qe7
15. Bd3 Nd5 16. Be1 Bd7 17. Qc2 g6 18. Qb3 b6 19. e4 Nf4 20. Bf1 Qd8 21. Bd2
Nh5 22. Bh6 Re8 23. Qe3 Rc8 24. e5 Be7 25. Ng5 f6 26. exf6 Bxf6 27. Ne4 Qe7 28.
g4 Ng7 29. g5 1-0

[Event "Lichtenrader Herbst 2006"]
[Site "Berlin"]
[Date "2006.09.30"]
[Round "1.12"]
[White "Dahnaci, Erol Thomas"]
[Black "Haemmerlein, Thomas"]
[Result "0-1"]
[WhiteElo "1682"]
[BlackElo "2195"]
[PlyCount "60"]
[EventDate "2006.??.??"]

1. Nf3 c5 2. c4 Nf6 3. Nc3 g6 4. g3 Bg7 5. Bg2 Nc6 6. d3 O-O 7. Bd2 e6 8. Qc1
Re8 9. Bh6 Bh8 10. Bg5 d5 11. Qf4 d4 12. Bxf6 Bxf6 13. Ne4 Bg7 14. h4 f5 15.
Neg5 h6 16. Nh3 e5 17. Qc1 e4 18. Nfg1 exd3 19. Nf4 Nb4 20. Kf1 dxe2+ 21. Ngxe2
d3 22. Nc3 d2 23. Bd5+ Nxd5 24. Qxd2 Ne3+ 25. Qxe3 Rxe3 26. fxe3 Bxc3 27. bxc3
Qd2 28. Nd5 b5 29. Nc7 Bb7 30. Rg1 Be4 0-1

[Event "Lichtenrader Herbst 2006"]
[Site "Berlin"]
[Date "2006.09.30"]
[Round "1.13"]
[White "Kaiser, Martin"]
[Black "Schendel, Thomas"]
[Result "1/2-1/2"]
[WhiteElo "2186"]
[BlackElo "1665"]
[PlyCount "60"]
[EventDate "2006.??.??"]

1. e4 d6 2. d4 Nf6 3. Nc3 g6 4. f4 Bg7 5. Nf3 O-O 6. Bd3 Na6 7. O-O c5 8. e5
Nd7 9. exd6 exd6 10. f5 Nb4 11. fxg6 hxg6 12. Bg5 Bxd4+ 13. Kh1 Bf6 14. Bh6 Bg7
15. Bxg7 Kxg7 16. Ne4 Nxd3 17. Qxd3 Ne5 18. Qc3 Qe7 19. Nxd6 Qxd6 20. Nxe5 f6
21. Nd3 b6 22. Nf4 Bf5 23. Qg3 Qe6 24. Nh5+ Kh6 25. Rxf5 gxf5 26. Qg7+ Kxh5 27.
Qh7+ Kg5 28. Rf1 Qe4 29. Qg7+ Kh5 30. Qh7+ Kg5 1/2-1/2

[Event "Lichtenrader Herbst 2006"]
[Site "Berlin"]
[Date "2006.09.30"]
[Round "1.14"]
[White "Grassi, Fabrizio"]
[Black "Neerforth, Philipp"]
[Result "0-1"]
[WhiteElo "1664"]
[BlackElo "2184"]
[PlyCount "144"]
[EventDate "2006.??.??"]

1. d4 Nf6 2. Nf3 g6 3. Bf4 Bg7 4. e3 O-O 5. Be2 d5 6. Nbd2 c5 7. c3 Nfd7 8. O-O
Nc6 9. h3 e5 10. dxe5 Ndxe5 11. Nxe5 Nxe5 12. Nf3 Nxf3+ 13. Bxf3 Be6 14. Qb3
Qd7 15. Rad1 c4 16. Qc2 Qc6 17. e4 Rad8 18. exd5 Bxd5 19. Bxd5 Rxd5 20. Rxd5
Qxd5 21. Rd1 Qe6 22. Qd2 Bf6 23. Re1 Qa6 24. Bh6 Bg7 25. Bxg7 Kxg7 26. Re7 Qb6
27. Qd4+ Qxd4 28. cxd4 Rd8 29. Rxb7 Rxd4 30. Rxa7 Rd1+ 31. Kh2 Rd2 32. Rb7 {(=)
} 32... Rxf2 33. Rb6 Rc2 34. a4 c3 35. bxc3 Rxc3 36. a5 Ra3 37. a6 Kh6 38. Rf6
{(=)} 38... Kg7 39. Rb6 f5 40. Rb7+ Kh6 41. a7 g5 42. Rc7 f4 43. Rb7 Kg6 44.
Rc7 h6 45. Rb7 Ra2 46. Kg1 Kh5 47. Rh7 Kh4 48. Rxh6+ Kg3 49. Kf1 Ra1+ 50. Ke2
Kxg2 51. Rg6 f3+ 52. Ke3 Ra3+ 53. Kd2 Rxa7 54. Rxg5+ Kf2 55. h4 Rd7+ 56. Kc3
Ke3 57. Re5+ Kf4 58. Re8 Kg3 59. h5 Rf7 60. Rg8+ Kh2 61. h6 f2 62. h7 Rxh7 63.
Rf8 Kg2 64. Rg8+ Kf1 65. Kd2 Rd7+ 66. Kc2 Rd5 67. Rf8 Ke2 68. Re8+ Kf3 69. Rf8+
Kg3 70. Kc3 Rd1 71. Rg8+ Kh4 72. Rh8+ Kg5 0-1

[Event "Lichtenrader Herbst 2006"]
[Site "Berlin"]
[Date "2006.09.30"]
[Round "1.15"]
[White "Maahs, Erich"]
[Black "Sorgenfrei, Jens"]
[Result "1-0"]
[WhiteElo "2183"]
[BlackElo "1662"]
[PlyCount "33"]
[EventDate "2006.??.??"]

1. e4 c5 2. Nf3 Nc6 3. d4 cxd4 4. Nxd4 d6 5. Nc3 g6 6. Be3 Nf6 7. Qd2 Ng4 8.
Bg5 f6 9. h3 fxg5 10. hxg4 Bxg4 11. f3 Bd7 12. Bc4 Nxd4 13. Qxd4 e5 14. Qd5 Qe7
15. Qxb7 Rc8 16. Bb5 Bg7 17. Qxc8+ 1-0

[Event "Lichtenrader Herbst 2006"]
[Site "Berlin"]
[Date "2006.09.30"]
[Round "1.16"]
[White "Muenster, Heinz-Juergen"]
[Black "Welz, Peter"]
[Result "0-1"]
[WhiteElo "1652"]
[BlackElo "2183"]
[PlyCount "84"]
[EventDate "2006.??.??"]

1. d4 f5 2. c4 Nf6 3. Nc3 g6 4. e3 Bg7 5. Be2 O-O 6. Nf3 b6 7. O-O Bb7 8. Nd2
Nc6 9. Bf3 d6 10. a3 e5 11. d5 Ne7 12. e4 f4 13. Be2 g5 14. h3 Ng6 15. Nf3 h6
16. Nh2 Qe7 17. Kh1 c6 18. Rg1 cxd5 19. cxd5 Rac8 20. Ng4 Nd7 21. Nh2 a6 22.
Bh5 Kh7 23. Bg4 Kh8 24. Qe2 Rc7 25. Bd2 Nc5 26. g3 Nb3 27. Raf1 Qf6 28. Be1 Ne7
29. Bh5 Ng8 30. Qd1 Na5 31. Bg4 Qe7 32. Bf5 Nc4 33. Qb1 Nf6 34. Nd1 Bc8 35.
Bxc8 Rfxc8 36. Bc3 Qd7 37. g4 Qb5 38. Qc2 Na5 39. f3 Nb3 40. Nf2 Nd4 41. Qd3
Qxd3 42. Nxd3 Ne2 0-1

[Event "Lichtenrader Herbst 2006"]
[Site "Berlin"]
[Date "2006.09.30"]
[Round "1.17"]
[White "Jaeschke, Jens-Uwe"]
[Black "Mandic, Nikola"]
[Result "0-1"]
[WhiteElo "2180"]
[BlackElo "1641"]
[PlyCount "86"]
[EventDate "2006.??.??"]

1. c4 Nf6 2. Nc3 g6 3. e4 d6 4. d4 Bg7 5. Nf3 O-O 6. Be2 Nc6 7. d5 Ne5 8. Nxe5
dxe5 9. Bg5 e6 10. O-O exd5 11. cxd5 Qe7 12. Qb3 h6 13. Be3 a6 14. Rac1 b6 15.
a4 Bd7 16. Rfd1 Rfc8 17. f3 Ne8 18. d6 Nxd6 19. Nd5 Qe6 20. Qa3 Bf8 21. Qa1 Ra7
22. a5 Bb5 23. axb6 cxb6 24. Bxb5 Rxc1 25. Rxc1 Nxb5 26. Bxb6 Ra8 27. Rc4 Rc8
28. Qc1 Rxc4 29. Qxc4 Kg7 30. g3 f5 31. Kg2 h5 32. h4 fxe4 33. fxe4 Be7 34. Be3
Bd8 35. Qc5 Nd6 36. Qa3 Nf7 37. Qc5 Qg4 38. Qc4 Bxh4 39. Bf2 Bg5 40. Ne3 Bxe3
41. Bxe3 h4 42. Bf2 h3+ 43. Kh2 Qf3 0-1

[Event "Lichtenrader Herbst 2006"]
[Site "Berlin"]
[Date "2006.09.30"]
[Round "1.18"]
[White "Schoenemann, Manfred"]
[Black "Stippekohl, Peter"]
[Result "1/2-1/2"]
[WhiteElo "1640"]
[BlackElo "2177"]
[PlyCount "43"]
[EventDate "2006.??.??"]

1. d4 e6 2. c4 f5 3. Nf3 Nf6 4. Nc3 Be7 5. Qc2 O-O 6. e4 Bb4 7. Bd3 fxe4 8.
Bxe4 Nxe4 9. Qxe4 Qf6 10. O-O c5 11. Bg5 Qf5 12. Qxf5 Rxf5 13. Nb5 Nc6 14. a3
Ba5 15. dxc5 Bd8 16. Bxd8 Nxd8 17. b4 Nf7 18. Nd6 Nxd6 19. cxd6 b6 20. Rfe1 Bb7
21. Ne5 Rd8 22. Rac1 1/2-1/2

[Event "Lichtenrader Herbst 2006"]
[Site "Berlin"]
[Date "2006.09.30"]
[Round "1.19"]
[White "Boettcher, Patrick"]
[Black "Prix, Siegf"]
[Result "1/2-1/2"]
[WhiteElo "2161"]
[BlackElo "1634"]
[PlyCount "73"]
[EventDate "2006.??.??"]

1. e4 e6 2. d4 d5 3. Nd2 c5 4. exd5 exd5 5. Ngf3 Nf6 6. Bb5+ Bd7 7. Qe2+ Qe7 8.
O-O Qxe2 9. Bxe2 Bd6 10. dxc5 Bxc5 11. Nb3 Bb6 12. a4 a6 13. a5 Ba7 14. Re1 O-O
15. Nfd4 Nc6 16. Be3 Ne5 17. Bg5 Ne4 18. Bf4 Nc6 19. c3 Rfe8 20. Bd3 Nc5 21.
Nxc5 Bxc5 22. Nc2 Rxe1+ 23. Rxe1 Re8 24. Rd1 Be6 25. b4 Be7 26. Be3 Bf6 27. Nd4
Nxd4 28. Bxd4 Bxd4 29. cxd4 Rc8 30. Kf1 Rc3 31. Ke2 Bd7 32. b5 axb5 33. Ra1 b4
34. a6 bxa6 35. Rxa6 g6 36. Rb6 Rb3 37. Rb7 1/2-1/2

[Event "Lichtenrader Herbst 2006"]
[Site "Berlin"]
[Date "2006.10.01"]
[Round "2.1"]
[White "Schildt, Rene"]
[Black "Figura, Atila Gajo"]
[Result "0-1"]
[WhiteElo "2007"]
[BlackElo "2352"]
[PlyCount "76"]
[EventDate "2006.??.??"]

1. e4 c5 2. Nf3 e6 3. d4 cxd4 4. Nxd4 a6 5. Bd3 Qc7 6. O-O Nf6 7. Qe2 d6 8. Be3
g6 9. Nc3 Bg7 10. a4 b6 11. f4 Bb7 12. f5 gxf5 13. exf5 e5 14. Ne6 fxe6 15.
fxe6 O-O 16. Rf2 d5 17. Bf5 Nc6 18. Bxh7+ Nxh7 19. Nxd5 Qd6 20. Nxb6 Rxf2 21.
Bxf2 Nd4 22. Bxd4 Qxd4+ 23. Qf2 Qxf2+ 24. Kxf2 Re8 25. Nd7 Rxe6 26. Nc5 Rf6+
27. Kg1 Ba8 28. Rd1 Bh6 29. Re1 e4 30. h4 Bf4 31. Re2 e3 32. g4 Bf3 33. g5 Rf5
34. Ne6 Bxe2 35. Nd4 Bg4 36. Nxf5 e2 37. Nh6+ Kg7 38. Kf2 Bd2 0-1

[Event "Lichtenrader Herbst 2006"]
[Site "Berlin"]
[Date "2006.10.01"]
[Round "2.2"]
[White "Koerner, Helmut"]
[Black "Fette, Martin"]
[Result "0-1"]
[WhiteElo "1976"]
[BlackElo "2315"]
[PlyCount "26"]
[EventDate "2006.??.??"]

1. e4 Nc6 2. d4 d6 3. Nc3 Nf6 4. f3 e5 5. Nge2 exd4 6. Nxd4 Be7 7. Be3 O-O 8.
Be2 Nxd4 9. Qxd4 Be6 10. O-O-O c5 11. Qd2 Qa5 12. Kb1 Kh8 13. f4 Nxe4 0-1

[Event "Lichtenrader Herbst 2006"]
[Site "Berlin"]
[Date "2006.10.01"]
[Round "2.3"]
[White "Giemsa, Stephan"]
[Black "Weissenbach, Klaus"]
[Result "1-0"]
[WhiteElo "2296"]
[BlackElo "2015"]
[PlyCount "49"]
[EventDate "2006.??.??"]

1. d4 d5 2. c4 e6 3. Nf3 Nf6 4. g3 Bb4+ 5. Bd2 Be7 6. Qc2 c6 7. Bg2 O-O 8. O-O
b6 9. Bc3 Ne4 10. Nbd2 Nxc3 11. Qxc3 Bb7 12. e4 Na6 13. Rad1 Rc8 14. Rfe1 c5
15. exd5 cxd4 16. Qxd4 Bc5 17. Qf4 Bd6 18. Qe4 Nc5 19. Qd4 exd5 20. cxd5 Ba6
21. Ne4 Nxe4 22. Qxe4 Rc4 23. Qb1 Qc7 24. Bf1 Rc8 25. b3 1-0

[Event "Lichtenrader Herbst 2006"]
[Site "Berlin"]
[Date "2006.10.01"]
[Round "2.4"]
[White "Malzahn, Sven"]
[Black "Teschke, Olaf"]
[Result "1/2-1/2"]
[WhiteElo "1964"]
[BlackElo "2254"]
[PlyCount "45"]
[EventDate "2006.??.??"]

1. Nf3 d5 2. c4 e6 3. d4 Nf6 4. Nc3 Nbd7 5. e3 c6 6. Qc2 Bd6 7. g4 Bb4 8. Bd2
a5 9. Rg1 Bxc3 10. bxc3 Ne4 11. Bd3 Nxd2 12. Nxd2 Qe7 13. O-O-O dxc4 14. Nxc4
b5 15. Nd2 Rb8 16. f4 c5 17. f5 e5 18. g5 c4 19. Be4 Bb7 20. h4 Bxe4 21. Nxe4
b4 22. f6 b3 23. fxe7 1/2-1/2

[Event "Lichtenrader Herbst 2006"]
[Site "Berlin"]
[Date "2006.10.01"]
[Round "2.5"]
[White "Kiesekamp, Marcos"]
[Black "Schilling, Florian"]
[Result "1-0"]
[WhiteElo "2251"]
[BlackElo "2000"]
[PlyCount "90"]
[EventDate "2006.??.??"]

1. d4 b6 2. e4 e6 3. f4 Bb7 4. Nd2 c5 5. Ngf3 cxd4 6. Nxd4 Nc6 7. Nxc6 Bxc6 8.
Bd3 b5 9. Qe2 Rc8 10. Nb3 a6 11. Bd2 Bd6 12. Bc3 Qh4+ 13. g3 Qh6 14. O-O-O e5
15. Rhf1 Qe6 16. fxe5 Bxe5 17. Bxe5 Qxe5 18. Rf5 Qe6 19. Rdf1 Nh6 20. Rg5 O-O
21. e5 Kh8 22. Rh5 Rce8 23. Qd2 f5 24. exf6 Rxf6 25. Rxf6 Qxf6 26. Rh4 Qf3 27.
Rf4 Qh1+ 28. Rf1 Qd5 29. Qf4 Qe6 30. a3 Bg2 31. Rg1 Bh3 32. Nd4 Qe7 33. Nf3 Qc5
34. Qd4 Qh5 35. Be4 Be6 36. Re1 Rc8 37. Qd6 Qc5 38. Qxa6 Bd5 39. Nd4 Ra8 40.
Qxb5 Qxd4 41. Qxd5 Qxd5 42. Bxd5 Rc8 43. a4 Ng4 44. a5 Nf6 45. Bb7 d5 1-0

[Event "Lichtenrader Herbst 2006"]
[Site "Berlin"]
[Date "2006.10.01"]
[Round "2.6"]
[White "Kachibadze, Georg"]
[Black "Albrecht, Rainer"]
[Result "1/2-1/2"]
[WhiteElo "1939"]
[BlackElo "2244"]
[PlyCount "55"]
[EventDate "2006.??.??"]

1. e4 e6 2. d4 d5 3. Nc3 Bb4 4. Nge2 dxe4 5. a3 Bxc3+ 6. Nxc3 Nc6 7. d5 exd5 8.
Qxd5 Qxd5 9. Nxd5 Nd4 10. Nxc7+ Kd8 11. Nxa8 Nxc2+ 12. Kd1 Nxa1 13. Be3 b6 14.
Bc4 Be6 15. Bxe6 fxe6 16. b4 e5 17. Kd2 Nb3+ 18. Kc3 Nd4 19. Bxd4 exd4+ 20.
Kxd4 Kd7 21. Ke5 Nf6 22. Rd1+ Ke7 23. Nc7 Ng4+ 24. Kf4 Nxf2 25. Rd2 Rf8+ 26.
Ke3 Ng4+ 27. Kxe4 Nf6+ 28. Ke5 1/2-1/2

[Event "Lichtenrader Herbst 2006"]
[Site "Berlin"]
[Date "2006.10.01"]
[Round "2.7"]
[White "Tchetchelnitski, Boris"]
[Black "Gremm, Albert Juergen"]
[Result "1-0"]
[WhiteElo "2232"]
[BlackElo "1980"]
[PlyCount "59"]
[EventDate "2006.??.??"]

1. Nf3 Nc6 2. c4 e5 3. Nc3 Bc5 4. e3 d6 5. Be2 f5 6. d4 Bb4 7. d5 Bxc3+ 8. bxc3
Nce7 9. c5 Nf6 10. cxd6 cxd6 11. c4 b6 12. O-O O-O 13. a4 Ng6 14. a5 Ne4 15.
Qc2 bxa5 16. Ba3 Nc5 17. Bxc5 dxc5 18. Qc3 f4 19. e4 a4 20. Rxa4 Qd7 21. Ra2
Qg4 22. Nxe5 Qg5 23. Nxg6 Qxg6 24. Bf3 Rf6 25. e5 Rf5 26. e6 Rg5 27. Re1 a5 28.
h4 Rf5 29. h5 Qg5 30. d6 1-0

[Event "Lichtenrader Herbst 2006"]
[Site "Berlin"]
[Date "2006.10.01"]
[Round "2.8"]
[White "Knopf, Roland"]
[Black "Meissner, Hans-Juergen"]
[Result "0-1"]
[WhiteElo "1930"]
[BlackElo "2225"]
[PlyCount "46"]
[EventDate "2006.??.??"]

1. d4 Nf6 2. Nf3 g6 3. Bg5 Bg7 4. Nbd2 d6 5. e4 h6 6. Bh4 g5 7. Bg3 Nh5 8. c3
Nxg3 9. hxg3 c5 10. dxc5 dxc5 11. Bc4 Qc7 12. Qe2 Nd7 13. O-O-O e6 14. Rde1 a6
15. Qe3 b5 16. Bd3 Bb7 17. Nh2 c4 18. Bb1 Qc5 19. Qe2 b4 20. Qxc4 bxc3 21. bxc3
Qxf2 22. e5 Rc8 23. Qd3 Qc5 0-1

[Event "Lichtenrader Herbst 2006"]
[Site "Berlin"]
[Date "2006.10.01"]
[Round "2.9"]
[White "Piepho, Niels"]
[Black "Gnass, Arno"]
[Result "1-0"]
[WhiteElo "2218"]
[BlackElo "1969"]
[PlyCount "85"]
[EventDate "2006.??.??"]

1. Nf3 d5 2. g3 Nf6 3. Bg2 g6 4. O-O Bg7 5. d3 O-O 6. Nbd2 e6 7. c4 c6 8. Rb1
Nbd7 9. b4 b6 10. Qc2 Bb7 11. Bb2 a5 12. a3 axb4 13. axb4 Qc7 14. Rfc1 Ra2 15.
Qb3 Rfa8 16. cxd5 exd5 17. Nd4 Qd6 18. Ra1 Rxa1 19. Bxa1 Nh5 20. Bb2 Bh6 21.
Rc2 Bf8 22. b5 c5 23. Nc6 Nhf6 24. e4 Bxc6 25. bxc6 Ne5 26. exd5 Bg7 27. Nc4
Nxc4 28. dxc4 Rb8 29. Re2 Ng4 30. Bxg7 Kxg7 31. Qc3+ Kg8 32. h3 Nf6 33. Qe5 Ne8
34. Qf4 Qxf4 35. Rxe8+ Rxe8 36. gxf4 b5 37. d6 bxc4 38. d7 Rf8 39. c7 c3 40.
d8=Q c2 41. Qxf8+ Kxf8 42. c8=Q+ Kg7 43. Qxc5 1-0

[Event "Lichtenrader Herbst 2006"]
[Site "Berlin"]
[Date "2006.10.01"]
[Round "2.10"]
[White "Tuertmann, Dieter"]
[Black "Gebigke, Martin"]
[Result "0-1"]
[WhiteElo "1886"]
[BlackElo "2196"]
[PlyCount "90"]
[EventDate "2006.??.??"]

1. Nf3 Nf6 2. d4 g6 3. e3 Bg7 4. Bd3 O-O 5. O-O c5 6. c3 b6 7. e4 cxd4 8. cxd4
d5 9. e5 Ne4 10. Ng5 Nxg5 11. Bxg5 Nc6 12. Be3 Nb4 13. Nc3 Nxd3 14. Qxd3 a6 15.
f4 b5 16. a3 f6 17. Bd2 Bf5 18. Qe3 Qd7 19. h3 Rac8 20. Rf2 Rc4 21. b3 Rc6 22.
Ra2 fxe5 23. fxe5 Rfc8 24. g4 Be6 25. Be1 R6c7 26. Rf3 a5 27. Qd3 Rb7 28. a4 b4
29. Nb5 Rc1 30. Re2 Rb8 31. Kh2 Rbc8 32. Bd2 R1c2 33. Be1 R2c6 34. Ref2 Kh8 35.
Bd2 Bg8 36. Qf1 Rc2 37. Qd3 R2c6 38. Re2 Ra8 39. Rff2 Be6 40. Bf4 Rac8 41. Rc2
Bg8 42. Kg2 h6 43. Rxc6 Rxc6 44. Rc2 g5 45. Rc5 gxf4 0-1

[Event "Lichtenrader Herbst 2006"]
[Site "Berlin"]
[Date "2006.10.01"]
[Round "2.11"]
[White "Haemmerlein, Thomas"]
[Black "Mueller, Peter"]
[Result "1/2-1/2"]
[WhiteElo "2195"]
[BlackElo "1947"]
[PlyCount "71"]
[EventDate "2006.??.??"]

1. d4 Nf6 2. c4 g6 3. Nc3 Bg7 4. f3 d6 5. Bg5 c6 6. Qd2 h6 7. Be3 d5 8. Bf2
dxc4 9. e4 b5 10. Nge2 Qa5 11. h4 Na6 12. Nf4 Bb7 13. Rd1 O-O-O 14. e5 Nh5 15.
Nxh5 gxh5 16. Qc2 e6 17. a3 c5 18. f4 f6 19. Be2 fxe5 20. dxe5 Rxd1+ 21. Bxd1
b4 22. Qa4 Qxa4 23. Nxa4 Bf8 24. axb4 cxb4 25. Bxa7 Bc6 26. Be3 Kb7 27. Kf2 Rg8
28. Bf3 Bxf3 29. Kxf3 Kc6 30. Nb6 Kb5 31. Rc1 c3 32. bxc3 bxc3 33. Rxc3 Bb4 34.
Rc1 Rd8 35. Nc4 Rd3 36. Nd6+ 1/2-1/2